[Event "Moscow Aeroflot op-A"]
[Site "Moscow"]
[Date "2004.02.17"]
[Round "1"]
[White "Bellini, Fabio"]
[Black "Moiseenko, Alexander"]
[Result "0-1"]
[WhiteElo "2502"]
[BlackElo "2623"]
[Annotator "Oratovsky,M"]
[PlyCount "64"]
[EventDate "2004.02.17"]
[EventType "swiss"]
[EventRounds "9"]
[EventCountry "RUS"]
[SourceTitle "CBM 100"]
[Source "ChessBase"]
[SourceDate "2004.06.01"]
[SourceVersion "1"]
[SourceVersionDate "2004.06.01"]
[SourceQuality "1"]

1. e4 {[%mdl 8196]} c5 2. Nf3 Nc6 3. Bb5 e6 4. O-O Nge7 5. Re1 Nd4 {Probably
the most effective reaction on 5.Re1.} ({Another continuation in this position
is} 5... a6 6. Bxc6 Nxc6 7. d4 cxd4 8. Nxd4 d6 (8... Qc7 9. Nxc6 Qxc6 10. Nc3
b5 11. a4 b4 12. Nd5 Bb7 13. Bd2 a5 14. c3 $5 $14 {Glek,I-Bischoff,K/Bad
Zwesten GER 2002 (43)}) 9. Nc3 Be7 10. Nxc6 bxc6 11. Qg4 {[%csl Gg7]} Kf8 (
11... O-O 12. Bh6 Bf6 13. e5 dxe5 14. Ne4 $40 {[%cal Ga1d1]}) 12. e5 d5 13. Be3
$14 {[%csl Rf8][%cal Ga1d1,Gc3a4] Sandipan,C-Shariyazdanov,A/Moscow RUS 2002 
(47)}) 6. Nxd4 cxd4 7. c4 {Not the best plan in this line. But white doesn't
have much also after} (7. c3 a6 8. Ba4 Nc6 9. d3 b5 {it is better than} (9...
Bc5 $6 10. Qh5 Ba7 11. Bg5 Qa5 12. Bxc6 bxc6 13. Nd2 h6 14. e5 d5 15. Nb3 Qb5
16. cxd4 a5 17. Qh4 (17. Be3 $5 a4 18. Qg4 $1 Kf8 19. Nc5 Bxc5 20. dxc5 Qxd3
21. Rad1 Qf5 22. Qh4 $16) 17... a4 18. Nc5 Bxc5 19. dxc5 $16 {1-0 Sandipan,
C-Sveshnikov,E/Moscow 2002/CBM 88/ (71)}) 10. Bb3 Bc5 11. Qg4 Qf6 12. Qe2 (12.
Qg3 $5) 12... d6 13. c4 O-O 14. Nd2 Bb7 15. cxb5 axb5 16. Nf3 Na5 17. Bc2 e5
18. Bd2 b4 19. a3 Nc6 20. axb4 Nxb4 $15 {1/2-1/2 Zhang Zhong-Gulko,B/Shanghai
2002/CBM 91 (32). (32)}) (7. d3 a6 8. Ba4 Nc6 9. Nd2 (9. c4 Rb8 10. Bf4 d6 11.
c5 e5 12. Bg3 Qc7 13. Nd2 dxc5 14. Bxc6+ Qxc6 (14... bxc6 15. Qh5 Rxb2 16. Nc4
$14) 15. Bxe5 Bd6 16. Bxd6 Qxd6 17. e5 Qd5 18. Ne4 O-O 19. f4 b5 20. Qf3 $14 {
1-0 Glek,I-Horvath,P/Bad Woerishofen 2001/CBM 81 ext (41). (40)}) 9... b5 10.
Bb3 Bc5 (10... g6 11. Nf3 Bg7 12. Bg5 Qb6 13. e5 h6 14. Bf4 Bb7 15. c3 g5 16.
Bg3 dxc3 17. bxc3 Ne7 18. d4 Rc8 $13 {1-0 Glek,I-Sherbakov,R/Tomsk 2001/CBM 82
ext (40). (39)} 19. Rc1 {[%cal Gf3d2,Gd2e4]}) 11. e5 d5 12. Qg4 O-O 13. Nf3 f5
(13... f6 $5) 14. Qg3 Ra7 15. Bd2 Qb6 16. h4 a5 17. a4 bxa4 18. Bxa4 Nb4 19. h5
Bd7 $132 {1/2-1/2 Ulibin,M-Sveshnikov,E/Ekaterinburg 2002/CBM 90 (31). (31)})
7... Ng6 (7... g6 8. d3 Bg7 9. Nd2 O-O 10. b4 d6 11. c5 $1 b6 12. Nc4 bxc5 13.
bxc5 dxc5 (13... d5 14. Nd6 {is none too appetising either.}) 14. Bd2 Bd7 15.
Rb1 Nc6 16. Qa4 Qc7 17. Ba5 Nxa5 18. Qxa5 Rfc8 19. Qxc7 Rxc7 20. Bxd7 Rxd7 21.
Rb5 $14 {1-0 Glek,I-Nataf,I/Chalkidiki 2002/CBM 92 (40)}) 8. d3 Be7 9. Nd2 O-O
10. Ba4 e5 $1 $15 {[%csl Ra4,Re1] Black's setup is clear now. White's Re1 and
Ba4 are misplaced, so black can easily develope his initiative on the kingside
by d6 and f5 then.} 11. Rb1 d6 12. b4 Kh8 $5 13. Nf1 Bg5 (13... f5 14. exf5
Bxf5 15. Ng3 Be6 16. Bb3 Qd7) 14. Kh1 (14. Ng3 Bxc1 15. Rxc1 a5 16. a3 axb4 17.
axb4 Qg5 $36 {[%cal Gg6f4,Yh7h5,Yh5h4]}) 14... Bxc1 15. Rxc1 a5 $1 {Correct
decision. Play on both flanks ussualy is more efficient. Also Ra8 directly
enters to the game.} 16. bxa5 (16. a3 axb4 17. axb4 f5 $15) 16... Qxa5 17. Bb3
f5 18. exf5 Bxf5 19. Ng3 Nf4 20. Ne4 $2 ({Better was} 20. Nxf5 Rxf5 {[%csl Rh1]
[%cal Ga8f8,Ya5d8,Yd8h4] but even here white's position is quite unpleasant.})
{[%tqu "En","","","","a5e1","",10]} 20... Qxe1+ $1 {After this simple blow
white's position collapsed in a few moves.} 21. Qxe1 Nxd3 22. Qd2 Nxc1 23. Qxc1
Bxe4 $19 {[%cal Gd4d1]} 24. Qd2 h6 25. h3 d3 26. Qe3 Rf4 27. c5 dxc5 28. Qxc5
Bc6 29. f3 d2 30. Qxe5 Rb4 31. Qd6 Rxb3 32. Qxd2 Rba3 0-1

[Event "Bundesliga 0304"]
[Site "Germany"]
[Date "2004.03.27"]
[Round "12.1"]
[White "Volokitin, Andrei"]
[Black "Schmittdiel, Eckhard"]
[Result "1-0"]
[WhiteElo "2594"]
[BlackElo "2483"]
[Annotator "Oratovsky,M"]
[PlyCount "39"]
[EventDate "2003.11.01"]
[EventType "team-tourn"]
[EventRounds "15"]
[EventCountry "GER"]
[SourceTitle "CBM 100"]
[Source "ChessBase"]
[SourceDate "2004.06.01"]
[SourceVersion "1"]
[SourceVersionDate "2004.06.01"]
[SourceQuality "1"]
[WhiteTeam "Katernberg"]
[BlackTeam "Stuttgart"]
[WhiteTeamCountry "GER"]
[BlackTeamCountry "GER"]

1. e4 {[%mdl 20]} c5 2. Nf3 Nc6 3. Nc3 e5 4. Bc4 g6 $6 {Quite a rare and in my
opinion dubious move. Was not played on GM level yet. Black has a good enough
position after the more common 4...Be7.} 5. d3 h6 ({After} 5... Bg7 {white can
quickly develope an initiative on the kingside with} 6. Ng5 $1 Nh6 7. O-O d6 8.
f4 O-O 9. f5 $1 gxf5 10. exf5 {[%cal Gd1h5,Gf5f6]} Bxf5 11. Nxf7 $1 Nxf7 12.
Rxf5 Ne7 13. Bg5 Qd7 14. Rf2 h6 15. Qh5 $18 {1-0 Mirzoeva,E-Khalid Al Shaali/
Abu Dhabi 2002/CBM 89 ext (15).}) 6. O-O ({Less effective is} 6. Nd5 Bg7 7. a3
Nge7 8. c3 d6 9. b4 O-O 10. O-O Rb8 11. Be3 b6 12. Rb1 Bd7 $14 {1-0 Lupulescu,
C-Radovanovic,D/Bucharest 2002/EXT 2003 (41). (40)}) 6... Nf6 (6... Bg7 7. Ne1
(7. Be3 d6 8. Qd2 Nf6 9. h3 Nd4 10. Ne1 g5 11. Rb1 Bd7 12. b4 Qc8 13. bxc5 dxc5
14. Bxd4 cxd4 15. Nb5 O-O (15... Bf8 $5 16. f4 $1 gxf4 17. Rxf4 exf4 18. Qxf4
Be7 19. Nd6+ Bxd6 20. Qxf6 $16 {[%cal Gf6h8,Gf6d6]}) 16. Nd6 Qc7 17. Qb4 $13 {
0-1 Valls Marti,A-Vano Novau,P/Spain 1998/EXT 2003 (40). (40)}) 7... d6 8. f4
Nf6 9. Nf3 exf4 10. Bxf4 O-O 11. a3 Be6 12. Qd2 Kh7 13. Rae1 Ng4 14. Nd5 Nge5
15. Ba2 Ne7 (15... Nxf3+ 16. Rxf3 g5 17. Be3 Ne5 18. Rff1 Ng4 19. c3 Be5 $13)
16. c3 $14 {0-1 Perunovic,M-Radovanovic,D/Backa Palanka 2002/CBM 88 ext (41). 
(41)}) 7. a3 $1 {Correct plan.The only way to expose blacks backwardness in
development is to open the centre.This way it works more effective than
tipical Ne1 and f4} Bg7 8. b4 d6 (8... cxb4 $2 9. axb4 Nxb4 10. Ba3 d5 (10...
Nc6 11. Nb5) 11. Bb5+ Nc6 12. Nxe5) 9. bxc5 dxc5 10. Bb5 Qd6 $6 ({Black could
hope for successful defence after cold blooded} 10... O-O 11. Bxc6 bxc6 12. Be3
(12. Nxe5 $2 Nh5 (12... Qd4 13. Nxc6 (13. Nc4 Nxe4 14. Nxe4 Qxa1 15. Qd2 Qd4
$13) 13... Qxc3 14. Rb1 {[%csl Rc3]} Nd7 15. e5 Bxe5 16. Rb3 Qa1 17. Qf3 $16 {
[%csl Ra1][%cal Gc1h6,Gc6e7]}) 13. Nxc6 Qd7 $17 {[%csl Rc3,Rc6][%cal Rd7c6,
Rg7c3]}) 12... c4 $5 13. Nxe5 Nxe4 14. Nxe4 Bxe5 15. d4 (15. Bxh6 Qh4) 15...
Bg7 16. Nc5 f5 17. f3 (17. f4 Re8 18. Bf2 Be6 $13) 17... f4 18. Bf2 Bf5 $132)
11. Bxc6+ bxc6 12. Na4 $1 {Doubled "c" pawns become an easy object of white's
attack.} Be6 (12... c4 13. Bb2 Nd7 14. d4 exd4 15. Bxd4 Bxd4 16. Qxd4 Qxd4 17.
Nxd4 $16 {[%csl Rc4,Rc6]}) 13. Be3 Nd7 14. Qd2 $1 {[%csl Rc5,Rc6,Rh6][%cal
Gd2h6,Gd2a5] Another exact move! White wins time to transfer the queen to the
queenside,using weakness of h6 pawn.} f5 15. Qa5 c4 16. dxc4 Bxc4 (16... fxe4
17. Nd2 $16) 17. Rfd1 Qe7 18. Qc7 Nb8 $8 19. Qxe7+ Kxe7 20. Nh4 {[%csl Rf5,Rg6]
[%cal Ga1b1,Gb1b7] Probably black could continue in this hopeless position,but
only a few moves...} 1-0

[Event "Moscow Aeroflot op"]
[Site "Moscow"]
[Date "2002.02.06"]
[Round "3"]
[White "Kim, Alexey"]
[Black "Shariyazdanov, Andrey"]
[Result "1-0"]
[WhiteElo "2414"]
[BlackElo "2532"]
[Annotator "Oratovsky,M"]
[PlyCount "83"]
[EventDate "2002.02.04"]
[EventType "swiss"]
[EventRounds "9"]
[EventCountry "RUS"]
[SourceTitle "CBM 088"]
[Source "ChessBase"]
[SourceDate "2002.03.21"]
[SourceVersion "1"]
[SourceVersionDate "2002.03.21"]
[SourceQuality "1"]

1. e4 {[%mdl 10240]} c5 2. Nf3 Nc6 3. Bb5 e6 4. Bxc6 bxc6 5. b3 Ne7 (5... d6 6.
O-O (6. e5 $5 dxe5 7. Nxe5 Qd4 8. Nc4 Qxa1 9. Nc3 {[%csl Ra1][%cal Gd1f3,Ye1g1]
looks promising to white}) 6... e5 7. c3 f5 8. exf5 Bxf5 9. d4 e4 10. Re1 Be7
11. dxc5 dxc5 12. Qxd8+ Rxd8 13. Ne5 $14 {[%csl Rc5,Rc6] 1-0 Sulskis,S-Palac,M/
Zadar 1999/CBM 73 ext (40)}) (5... f6 6. O-O Nh6 7. e5 Nf7 8. Bb2 Be7 9. d3 O-O
10. Nbd2 fxe5 11. Nxe5 Nxe5 12. Bxe5 d6 13. Bb2 e5 $11 {0-1 David,A-Kramnik,V/
FRA 1993/TD (35) and black can be satisfied with the opening results}) 6. h4 $5
{against Ng6.Now if black wants to place his knight on g6 he has to weaken his
kingside after ...h5} (6. Bb2 Ng6 7. h4 h5 8. e5 Be7 9. Nc3 f6 10. Ne4 Kf7 11.
d3 Qc7 12. Qe2 a5 13. a4 Rb8 14. O-O Nxe5 15. Bxe5 fxe5 16. Neg5+ Bxg5 17.
Nxe5+ Ke8 18. hxg5 d6 19. Ng6 Rh7 20. Qe4 Rb4 21. c4 Qf7 22. Ne5 {1-0
Svetushkin,D-Stoumbos,K/Korinthos 2001/EXT 2002 (22)}) (6. Ba3 {is another
main idea in this line.After exchanging darksquare bishops blacks position
will be not so pleasant.} Ng6 7. d4 Nh4 8. Nxh4 Qxh4 9. Qd3 f5 10. dxc5 fxe4
11. Qe3 $14 {[%csl Rc8][%cal Gb1c3] 1-0 Slobodjan,R-Ramesh,R/Calcutta 1999/CBM
69 ext (15)}) 6... h5 7. e5 (7. Ba3 d6 8. c3 $6 (8. e5 $142 $5) 8... Ng6 9. d4
cxd4 10. cxd4 Ba6 $15 {[%csl Re1] 0-1 Damaso,R-Gofshtein,L/Lisbon 1999/CBM 73
ext (22)}) 7... f6 8. Bb2 fxe5 9. Nxe5 d6 10. Nf3 e5 11. Qe2 Bg4 $15 12. Nc3
Qd7 13. O-O-O Nf5 ({also not bad} 13... Ng6 {[%csl Ge5][%cal Gg6f4]}) 14. Rde1
Be7 (14... Nd4 15. Qd3 Bf5 16. Ne4 Be7 $15 {[%cal Ge8g8]}) 15. Qe4 O-O-O 16.
Na4 Rhe8 ({in my opinion rook on f8 looks more useful} 16... Rhf8 $15 {[%cal
Gf8f2]}) 17. Ng5 (17. Nh2 Nxh4 18. Nxg4 hxg4 $15 {[%cal Gd6d5]}) 17... Bf6 18.
g3 Nd4 19. Bxd4 cxd4 20. f3 Bf5 21. Qe2 Bxg5 $6 (21... Qb7 $17 {[%csl Ra4,Gf5,
Gf6][%cal Gb7b5] looks strong for black.He has pair of bishops,well developed
pieces and strong pawn center,when white pieces are still discoordinated.Black
stands clesr better}) 22. hxg5 Bg6 23. Qc4 c5 24. Rhf1 Kb8 25. Rf2 Rc8 26. Qa6
Rc6 27. Qb5+ Ka8 28. d3 Qc7 {[%csl Rb5]} (28... Rb8 $1 29. Qa5 Qb7 30. Qd2 Ra6
31. Kd1 Be8 $19 {[%csl Ra2][%cal Ge8a4]}) 29. Nb2 Rb8 30. Qa4 Qb7 31. Qa3 Ra6
32. Na4 Be8 33. f4 Bxa4 34. bxa4 Qc6 (34... Qd7 35. a5 Qd8 $19) 35. a5 Rb5 (
35... Qc7 $17) 36. Kd2 Raxa5 37. Qc1 exf4 38. Rxf4 Qg2+ (38... Rb8 $19 {
was more solid}) 39. Re2 Qxg3 $4 {probably timetrouble blunder} {[%tqu "En","",
"","","c1h1","",10]} 40. Qh1+ $1 $18 Kb8 41. Rf8+ Kc7 42. Re7+ 1-0

[Event "Bundesliga 0304"]
[Site "Germany"]
[Date "2003.12.14"]
[Round "6.1"]
[White "Kindermann, Stefan"]
[Black "Volokitin, Andrei"]
[Result "1/2-1/2"]
[WhiteElo "2542"]
[BlackElo "2594"]
[Annotator "Oratovsky,M"]
[PlyCount "93"]
[EventDate "2003.11.01"]
[EventType "team-tourn"]
[EventRounds "15"]
[EventCountry "GER"]
[SourceTitle "CBM 099"]
[Source "ChessBase"]
[SourceDate "2004.03.30"]
[SourceVersion "1"]
[SourceVersionDate "2004.03.30"]
[SourceQuality "1"]
[WhiteTeam "Plauen"]
[BlackTeam "Katernberg"]
[WhiteTeamCountry "GER"]
[BlackTeamCountry "GER"]

1. e4 {[%mdl 2624]} c5 2. Nf3 e6 3. d3 Nc6 4. g3 Nge7 5. Bg2 g6 6. h4 (6. c3 d5
7. e5 Bg7 8. Qe2 Qc7 9. Bf4 g5 $132 {[%csl Re5]}) 6... h6 (6... d5 7. h5 dxe4
8. dxe4 Qxd1+ 9. Kxd1 Bg7 10. Na3 O-O 11. c3 b6 12. hxg6 hxg6 13. Kc2 Ba6 14.
Bg5 Rac8 $13 {[%cal Gc6b4] 1-0 Yudasin,L-Khamrakulov,I/Ano Liosia 2001/CBM 79
ext (44)}) (6... Bg7 {look commented game Sandipan-Smirin 2002 0-1}) 7. c3 (7.
Be3 Bg7 8. Nc3 Nd4 9. O-O O-O 10. Qd2 Kh7 11. Nh2 d6 12. f4 Rb8 13. Rae1 Qa5
14. g4 f5 $132 {0-1 Iuldachev,S-Hossain,E/Calcutta 2001/CBM 85 (31)}) 7... Bg7
(7... d5 8. e5 {This was the main idea of 6.h4. Now the line with g5 is not so
good for black as before} (8. Qe2) 8... Bg7 9. Qe2 (9. Bf4 g5 10. hxg5 hxg5 11.
Rxh8+ Bxh8 12. Nxg5 {[%cal Gd1h5]}) 9... Qc7 10. Bf4 g5 11. hxg5 hxg5 12. Rxh8+
Bxh8 13. Bxg5 Nxe5 14. Nbd2 $36 {[%cal Ge1c1,Ga1h1,Gh1h8] and white has
obvious advantage in development}) 8. O-O (8. Be3 b6 (8... d6 9. Qd2 e5 10. Na3
Be6 11. O-O $13 {[%csl Rh6][%cal Gd3d4]}) 9. d4 cxd4 10. Nxd4 O-O (10... Ba6
11. Qa4) 11. Nxc6 Nxc6 12. Na3 Ba6 13. Qa4 Qc8 14. Rd1 Ne5 15. Bd4 b5 16. Qb3
Qc6 17. Nc2 Bb7 $13 {[%cal Gf7f5] 1-0 Glek,I-Stellwagen,D/Hoogeveen 2003/CBM
96 ext (41). (40)}) 8... e5 (8... d5 9. Qe2 b6 10. e5 Qc7 11. Re1 Bb7 12. Na3
a6 13. Nc2 $14 {[%cal Gd3d4]} d4 14. cxd4 cxd4 15. Ncxd4 Nxd4 16. Nxd4 Rd8 17.
Bxb7 Qxb7 18. Nf3 {1-0 Adams,M-Gurevich,M/Sarajevo 2000/CBM 77 (41)}) 9. a3 (9.
Be3 d6 10. a3 O-O 11. b4 b6 12. b5 Na5 13. c4 Be6 14. Nc3 f5 $13 {0-1 Minasian,
A-Gurevich,M/New Delhi/Theran 2000/CBM 80 (61)}) 9... O-O {and in this line
move h6 is more useful then h4, so probably white should choose Glek's plan
connected with 8.Be3 and d4.} 10. b4 b6 11. b5 Na5 12. c4 d6 {[%cal Gf7f5,
Gf5f4]} 13. Nh2 (13. Nc3 Be6 14. Nh2 Qd7 15. h5 Rae8 $13 {[%cal Gf7f5]}) 13...
Be6 14. h5 f5 $5 {A very promising exchange sacrifice. Probably 90% of GMs
would go for it!} 15. exf5 (15. hxg6 f4 $17) 15... gxf5 16. Bxa8 Qxa8 17. Bb2 {
[%cal Gf2f4]} d5 (17... Qe8 $5 {[%cal Ge6f7]}) 18. Re1 (18. Nd2 d4 (18... dxc4
19. Re1 $1 cxd3 20. Bxe5 Qd5 21. Bxg7 Kxg7 22. Nhf3 c4 23. Qc1 $16) 19. Re1 {
transfers to the game}) 18... d4 19. Nd2 Bf7 {[%csl Rh5][%cal Ga8e8]} 20. g4 $1
Kh8 21. gxf5 ({Deserved serious attention attempt to develope pressure on the
black centre with} 21. Qf3 $1 Qe8 22. Qg3 {[%cal Ge1e5]} Rg8 {[%cal Gf7h5]} (
22... fxg4 23. Rxe5 Bxe5 24. Qxe5+ Kg8 25. Nxg4 $18) 23. Rxe5 $1 (23. Kf1 fxg4
24. Rxe5 Bxe5 25. Qxe5+ Rg7 26. Nxg4 Bxh5 27. Nf6 Qg6 28. Nxh5 Qxd3+ 29. Ke1
Qxd2+ $1 30. Kf1 (30. Kxd2 Nxc4+ $17) 30... Qg5 31. Qxg7+ Qxg7 32. Nxg7 Kxg7
33. Rc1 Ng6 $17 {[%cal Gg6e5]}) 23... Bxe5 24. Qxe5+ Rg7 25. Ndf1 $1 (25. Re1
Bxh5 26. Qd6 $36 {[%cal Ge1e6,Ge1e7]}) 25... Ng8 (25... Bxh5 26. Ng3 $16 {
[%cal Ga1e1]}) 26. Qxe8 Bxe8 27. Ng3 fxg4 28. Re1 $14 {[%cal Gb2c1,Gc1f4] with
pleasant ending for white}) 21... Qe8 22. Qg4 Bxh5 23. Qh3 Rxf5 $132 24. Ne4
Bg6 25. Ng3 Rf7 26. Rad1 Nf5 27. Ne4 (27. Nf3 Nxg3 28. Qxg3 Rf5 {[%cal Gg6h5,
Ga5b7,Gb7d6]}) 27... Qe7 28. Bc1 Nh4 29. f4 Bh5 (29... exf4 30. Ng4 {[%cal
Re4f6]} Nxc4 $1 {[%cal Gc4e3]} (30... Qd8) 31. dxc4 Bxe4 32. Rxe4 Qxe4 33. Qxh4
Qg6 {[%cal Gh6h5]} 34. Kh1 f3 $17) 30. Rd2 exf4 (30... Nb3 31. Rf2 Nxc1 32.
Rxc1 exf4 $36) 31. Rf2 f3 (31... Be5 $5 {[%cal Gf7g7,Gg7g3]}) 32. Bd2 {[%cal
Ge4g3,Gg3h5]} Qd8 33. Bxa5 bxa5 34. Nxc5 $16 Qg5+ 35. Kh1 Nf5 (35... Qxc5 36.
Qxh4 Rf8 37. Rg1 {[%cal Gg1g3,Gh2f3]}) 36. Ne4 Qh4 37. Qxh4 Nxh4 38. c5 Bg6 39.
c6 Be5 40. Ng4 {After the tactical fight in timetrouble arised a winning
endgame for white.} ({much better was} 40. Ng5 $1 Rf5 (40... hxg5 41. Rxe5 Bxd3
42. Rxg5 $18 {[%cal Gg5g4]}) 41. Ngxf3 Bxh2 42. Nxh4 Rxf2 43. Nxg6+ Kg7 44. Ne5
$18) 40... Bf4 41. Rc2 (41. Ngf6 $18) 41... Ng2 42. Rxg2 fxg2+ 43. Kxg2 Rg7 44.
Kf3 Rf7 45. Kg2 $6 {I cannot understand Stefans decision to go for a
repetition. After the simple} (45. Nef6 $142 {[%cal Ge1e8,Ge8g8]} Be3 (45...
Bg5 46. Re8+ Kg7 47. Rg8#) 46. Ke2 (46. c7 Rxc7 47. Nxe3 dxe3 48. Rg1 Bf7 49.
Kxe3 $16 {[%csl Rh8]}) 46... Bg5 47. Rf1 $16 {[%csl Gc6] white's position is
much better.}) 45... Rg7 46. Kf3 Rf7 47. Kg2 1/2-1/2

[Event "Moscow Aeroflot op-A"]
[Site "Moscow"]
[Date "2004.02.20"]
[Round "4"]
[White "Meister, Jakob"]
[Black "Smirnov, Pavel"]
[Result "1-0"]
[WhiteElo "2488"]
[BlackElo "2609"]
[Annotator "Oratovsky,M"]
[PlyCount "50"]
[EventDate "2004.02.17"]
[EventType "swiss"]
[EventRounds "9"]
[EventCountry "RUS"]
[SourceTitle "CBM 100"]
[Source "ChessBase"]
[SourceDate "2004.06.01"]
[SourceVersion "1"]
[SourceVersionDate "2004.06.01"]
[SourceQuality "1"]

1. e4 {[%mdl 73]} c5 2. Nf3 Nc6 3. Nc3 e5 4. Bc4 Be7 5. d3 Nf6 6. Ng5 O-O 7. f4
d5 {A quite new and very risky move. Black sacrifices the central pawn to gain
some tempi after Bg4 and Nd4. The main line with 7...exf4 is much safer for
black.} 8. exd5 Nd4 (8... Na5 $2 9. fxe5 b5 10. Nxb5 (10. exf6 Bxf6 11. Bxb5
Bxg5 12. O-O $18) 10... Nxd5 11. O-O Bxg5 12. Bxg5 Qxg5 13. Bxd5 $18 Rb8 14.
Nd6 Qxe5 15. Bxf7+ Kh8 16. Nxc8 $18 {1-0 Zimina,O-Shumiakina,T/Rethymno 2003/
CBM 96 ext (23). (22)}) ({Another possibility to develope an initiative for
the sacrificed pawn :-) you can find in the commented game Kulaots,K-Fedorov,A
Aeroflot 2004.} 8... Bg4 9. Qd2 Nd4 {etc}) 9. O-O Bg4 10. Qe1 $1 $146 {
Unussual and very strong! Black could prevent this move by playing Bg4 one
move earlier, but this is another story...( Kulaots,K-Fedorov,A)} (10. Nf3 Bd6
11. fxe5 Bxe5 $44 12. Bg5 Nxf3+ 13. gxf3 Bh3 14. Re1 Bd4+ 15. Kh1 Ng4 $1 16.
Qd2 Qxg5 17. Qxg5 Nf2+ 18. Kg1 Nxd3+ 19. Kh1 (19. Re3 h6 $1 {[%csl Rg5]} 20.
Qh4 Bxe3+ 21. Kh1 g5 22. Qh5 Nf4 $19) 19... Nf2+ 20. Kg1 Ne4+ 21. Qe3 Nd2 $1
22. Bb5 a6 23. Bd3 Rae8 24. Kf2 Rxe3 25. Rxe3 Re8 26. Nd1 c4 $1 27. Be2 f5 $17
{0-1 Philippe,C-Sveshnikov,E/Cap d'Agde 2003/EXT 2004 (54). (54)}) (10. Qd2
exf4 11. Rxf4 Bd6 $44) 10... exf4 ({Another opportunity was capturing on c2
right now, but it looks like white gets a dangerous initiative in all the
lines. For example:} 10... Nxc2 11. Qh4 {I don't know what was the idea of GM
Y. Meister during the game (or may be, it is homework?!), but I am considering
this move like a main line. Also intresting is} (11. Qg3 $5 exf4 12. Bxf4 Nxa1
13. d6 Nc2 14. dxe7 Qxe7 15. Be5 (15. Nce4 $5) 15... Rae8 16. Bxf6 Qe3+ 17.
Qxe3 Nxe3 18. Nge4 Nxf1 19. Kxf1 $13 {Here I do not agree with my iron helper 
(according to Fritz is -0.6 here!) and prefere the white side.}) 11... exf4 ({
even more dangerous for black is} 11... Nxa1 12. fxe5 h6 (12... h5 13. exf6
Bxf6 14. h3 $1 b5 $8 (14... Bxc3 15. bxc3 Be2 16. Qe4 $18) 15. Nxb5 Be2 16. Qe4
$1 Bxg5 17. Bxg5 Qxg5 (17... Re8 18. Qf5 $18) 18. Qxe2 $16 {[%csl Ra1]}) 13. d6
$1 {A strange position: black is a full rook up but I do not see any defence
here!} ({or even simple} 13. exf6 $5 Bxf6 14. Qxg4 hxg5 15. Ne4 $16 {[%cal
Gc1g5,Ge4f6]}) 13... Bxd6 (13... hxg5 14. Bxg5 $18) 14. exf6 $40) 12. Bxf4 Nxa1
13. d6 $1 Bxd6 14. Nce4 $1 $40 h6 15. Nxf7 Rxf7 16. Nxd6 $16 {and white
continues the attack but now in the position with material balance!}) 11. Bxf4
h6 ({Here probably was the best moment for black to capture this "poisoned"
pawn} 11... Nxc2 12. Qh4 (12. Qg3 Nh5 $5 13. Qxg4 Nxf4 14. Nxf7 (14. Nce4 $5
$36) 14... Rxf7 15. d6 Bxd6 16. Bxf7+ Kh8 $5 {[%cal Gc2e3,Gc2a1]}) 12... h6 13.
Rac1 (13. d6) 13... hxg5 14. Bxg5 Nxd5 15. Ne4 $40) 12. Nge4 Nh5 (12... Nxc2
13. Qg3 Nxa1 14. d6 Nxe4 $8 15. Nxe4 (15. dxe4 Bg5 16. Qxg4 $16) 15... Bf6 16.
Qxg4 Bxb2 17. Bxh6 $18 {[%cal Rh6g7]}) 13. Qd2 $16 {thats it. Pawn up and
better position.} (13. d6 $5 Bh4 14. Qd2 $16) 13... b5 14. d6 Bh4 15. Nxb5 ({
Stronger was} 15. Bxb5 $1 Rb8 16. Ba4 Rxb2 17. Bb3 $16) 15... Ne2+ 16. Kh1
Nhxf4 17. Rxf4 Bg5 18. Nxg5 Qxg5 19. Raf1 Rae8 $4 {losing at once. After} (
19... Nxf4 20. Qxf4 Qxf4 21. Rxf4 Bd7 22. Nc3 Rab8 {[%cal Gb8b6]} 23. b3 $14 {
black could continue the fight.}) 20. Rxf7 $1 $18 Qxd2 21. Rxf8+ Kh7 22. Bg8+
Kg6 23. Bf7+ Kg5 24. Bxe8 Qxc2 25. d4 {[%cal Gd6d7]} Nxd4 {[%cal Gd6d7]} 1-0